Les noms de Mammifères par lettres -A - Statistiques

Statistiques générales
  • Ce quiz a été pris 137 fois
  • Le résultat moyen est 4 sur 21
Statistiques - réponses
Par images Réponse % Correct
Ane
100%
Alpaga
82%
Antilope
76%
Aye-aye
43%
Atèle
30%
Agouti
25%
Addax
18%
Anoa
8%
Antilocapre
5%
Accouchi
3%
Acrobate
3%
Argali
3%
Avahi
3%
Angwantibo / Arctocèbe
2%
Anomalure
2%
Akodon
0%
Allocèbe
0%
Antechine
0%
Asellia
0%
Athérure
0%
Aulacode
0%
Aucun quiz correspondant
Distribution des résultats
% des personnes avec chaque résultat
Percentile par nombre de réponses
Votre historique - résultats
Vous n’avez pas pris ce quiz